000 00481nam a2200205Ia 4500
008 210210b1947 xxu||||| |||| 00| 0 eng d
041 _aeng
082 _a821/672
100 _aTENNYSON (A)
245 _aSelect poems: Williams and Vallins Ed
260 _aOxford
_bAt the Clarendon Press
_c1947
650 _aWilliams
650 _aVallins
650 _aSelect
650 _apoems:
650 _aEd
650 _aand
690 _aEnglish Literature
906 _a011840
999 _c130558
_d130558